[Event "Chiemgau Seniors Cup 1st"]
[Site "Bergen"]
[Date "2005.10.12"]
[Round "3"]
[White "Ganslmayer, Herbert"]
[Black "Sagstetter, Karl"]
[Result "1-0"]
[WhiteElo "2061"]
[BlackElo "1304"]
[PlyCount "107"]
[EventDate "2005.10.11"]
[EventType "swiss"]
[EventRounds "9"]
[EventCountry "GER"]
[SourceTitle "EXT 2007"]
[Source "ChessBase"]
[SourceDate "2006.11.23"]
[SourceVersion "1"]
[SourceVersionDate "2006.11.23"]
[SourceQuality "1"]

1. d4 d5 2. g3 Bf5 3. Bg2 e6 4. c4 c6 5. Nc3 dxc4 6. e4 Bg6 7. Nf3 Bb4 8. Ne5 Bxc3+ 9. bxc3 Nf6 10. Bg5 Qa5 11. 0-0 Nxe4 12. Bxe4 Bxe4 13. Nxc4 Qd5 14. Qe2 Bf3 15. Nd6+ Qxd6 16. Qxf3 Qd5 17. Qd3 h6 18. Bf4 Nd7 19. Qe2 Nf6 20. Rfe1 Qf5 21. Qb2 Qb5 22. Qc2 Qc4 23. Rab1 b5 24. Be5 Ke7 25. Rb4 Qd5 26. c4 bxc4 27. Rxc4 Rac8 28. Rc1 Kd7 29. Qa4 a5 30. Rc5 Qe4 31. Bxf6 gxf6 32. Rxa5 Rc7 33. Qb3 Rg8 34. Ra4 Qd5 35. Rac4 Rgc8 36. Qd3 Qg5 37. f4 Qf5 38. Qe3 Qd5 39. Qd3 f5 40. Re1 f6 41. Rc5 Qxa2 42. Rxf5 Ke7 43. Rc5 Kd6 44. Rec1 f5 45. Qe3 Kd7 46. Re1 Re8 47. Qe5 Qd2 48. d5 Re7 49. dxe6+ Kd8 50. Ra1 Rc8 51. Rac1 Rxe6 52. Qxe6 Qd4+ 53. Kf1 Qd3+ 54. Qe2 1-0